Quizzes
Events
Quiz Creation
Community
Videos
Private Events
Remove Ads
Sign In
Join for FREE
Feedback
Dark Mode
Quiz Categories
Sports
Geography
Music
Movies
Television
Just For Fun
Miscellaneous
History
Literature
Language
Science
Gaming
Entertainment
Religion
Holiday
For Kids
Quiz Lab
Recent
Popular Today
Quiz Kudos Today
Editor Picks
Curator Picks
Quizzes by...
Day
Popularity
Type
Ratings
Length
Year
Community
Subscriptions
Recent Discussions
Orange Saloon
Badges
Playlists
Quests
Create
Leaderboards
Showdown
Live 5
Trivia Bingo
Activity
Puzzle Library
Sporcle Events
Private Events
Virtual Trivia
Globe League
Become a Host
Pub Owners
SporcleCon
Opinionation
Our Games
Videos
Blog
Mobile Apps
Partnerships
Remove Ads and Go Orange
Feedback
Music
Pop Music
The Beatles
Song
Album
Lyrics
Bands
Singers
Artist
Clip
Rock
Rap
Classical
Billboard
Country Music
Kpop
Taylor Swift
Music
Pop Music
The Beatles
Song
Album
Lyrics
Bands
Singers
Artist
Clip
Rock
Rap
Classical
Billboard
Country Music
Kpop
Taylor Swift
Random Quiz
Search Sporcle
×
Quiz Lab
Quiz Lab
Music
Lyrics
Type in answers that appear in a list
Type in answers that appear in a list
Classic
Best Score? Go Orange.
R.E.M. songs by lyrics Stats
Can you name the R.E.M. songs by lyrics?
By
SirJustinian
13m
30 Questions
523 Plays
523 Plays
523 Plays
Comments
Comments
Give Quiz Kudos
Give Quiz Kudos
-
- Ratings
hide this ad
Random Order
Randomize order of answers
Randomize order of answers
Replay
Link that replays current quiz
Next Quiz
Link to next quiz in quiz playlist
You Got
0%
They Got
Avg Score
55%
Avg Friend Score
Upgrade to see
Score Distribution
Jump to the score distribution portion of the page
Score
0/30
Timer
13:00
0
Plays Today
Lyric
Song Title
% Correct
I'm pushing an elephant up the stairs, I'm tossing up punch lines that were never there
The Great Beyond
75.3%
Aluminum, tastes like fear
E-Bow the Letter
72.1%
She's a sad tomato, She's three miles of bad road
Crush With Eyeliner
69.8%
We are agents of the free
Orange Crush
69.6%
I've found a way, a way to make you smile
At My Most Beautiful
69%
Watch the road and memorize this life that pass before my eyes
Find the River
68.8%
Listen here my sister and my brother, what would you care if you lost the other?
Sweetness Follows
67.7%
You're sharpening stones, walking on coals, To improve your business acumen
Exhuming McCarthy
67.3%
I have seen things that you will never see, Leave it to memory me.
Try Not To Breathe
66%
The bull and the bear are marking their territories
Daysleeper
65.8%
This flower is scorched, this film is on, on a maddening loop
Country Feedback
62.7%
I've a rich understanding of my finest defenses
World Leader Pretend
62%
When I was young and fever fell, My spirit, I will not tell
I Believe
61.6%
If you could see yourself now, baby, It's not my fault, You used to be so in control
Bang and Blame
60%
Miles Standish proud, congratulate me
Begin the Begin
59.5%
Lyric
Song Title
% Correct
'Judge not lest ye be judged', what a beautiful refrain
New Test Leper
59.5%
Standing on the shoulders of giants, leaves me cold
King Of Birds
54.9%
Going where nobody says hello, they don't talk to anybody they don't know
(Don't Go Back To) Rockville
53.9%
I think about this world a lot and I cry
You Are the Everything
53.3%
If you're needing inspiration Philomath is where I go
Can't Get There From Here
50.9%
Suspicion yourself, suspicion yourself, don't get caught
Wolves, Lower
50.1%
Gentlemen don't get caught, cages under cage
Carnival of Sorts (Boxcars)
46.1%
They called the clip a two-
headed cow
Pilgrimage
45.7%
Did we miss anything? did we miss anything?
Catapult
44.9%
When you greet a stranger look at his shoes
Good Advices
43%
A handshake is worthy if it's all that you've got
Harborcoat
41.1%
Come on aboard, I promise you you won't hurt the horse
Bandwagon
38%
It's not that she wasn't rewarded, With pomegranate afternoons
She Just Wants To Be
37.9%
Providence blinked, facing the sun, Where are we left to carry on
Until the Day is Done
34.6%
Mythology's seductive and it turned a trick on me that I have just begun to understand
I Wanted To Be Wrong
23.5%
Quiz Playlist
Details
Report
Send in Message
Add To Playlist
Classic:
Type in answers that appear in a list
Random Order:
Randomize order of answers
Last Updated: Feb 16, 2017
Quiz Scoreboard
CHALLENGE
Sign Up to Join the Scoreboard
Show All
Scores
Hide
Comments
May contain spoilers
Recently Published
Popular People in 1961
by mucciniale
History
6m
1-10 Letter E Words III
by El_Dandy
Language
2m
One Thing in Common: World Cities II
by knightlancer
Geography
7m
More to Explore
Quiz From the Vault
Featured Blog Post
Where Did the Easter Bunny Come From?
hide this ad
You Might Also Like...
Tags
Album Quiz
Lyrics Quiz
Song Quiz
R.E.M.
Today's Top Quizzes in Music
Browse Music
hide this ad
Today's Top Quizzes in Lyrics
Browse Lyrics
Top Contributed Quizzes in Music
1
Taylor Swift All Songs (2024)
2
Taylor Swift Logic Puzzle
3
2010s Album by Cover III
4
Guess the Taylor Swift song (Mystery Song)
5
One Thing in Common: Music
6
Guess the Artist- 70s Songs
7
2010s Album by Cover IV
8
2010s Album by Cover V
9
Get the Picture: Carrie or Dolly
10
Lana Del Rey Discography (BTD to DYKTTATUOB)
Explore More
Trending Topics
Marvel
Crossword
NBA
Kpop
Anime
Disney
Harry Potter
Song
WWE
Country
Pokémon
Soccer
NFL
The Office
Puzzle
hide this ad
More By:
SirJustinian
Quiz
Plays
Rating
Category
Featured
Created
R.E.M. songs by lyrics
523
5.00
Music
Jun 7, 2010
People in R.E.M. songs
74
3.60
Music
Oct 11, 2011
Go to Creator's Profile
Score Distribution
Quiz Creator Spotlight
SirJustinian
Follow
Send a Message
Quizzes Created
-
Created Quiz Play Count
-
More By This Creator
Popular Quizzes Today
1
Find the US States - No Outlines Minefield
2
The Countries of the World
3
Popular People in 1961
4
Find the Countries of Europe - No Outlines Minefield
5
1-10 Letter E Words III
6
Find the US States
7
One Thing in Common: World Cities II
8
US States
More Music Quizzes
Bands/Artists From Belgium
Quiz Lab
Trending Quizzes
Country Music Stars Doing Things
Get the Picture: Carrie or Dolly
1-10 Letter F Words
1-10 Letter G Words
Risky Map Clicking: Next State Alphabetically
Recently Updated
Leaping Animals
pecheneg
Reality TV Shows (A-Z)
bhenderson79
Rickey Henderson's Hall of Fame Teammates
pecheneg
Champions League XIs: Arsenal
pecheneg
Quick Pick: Celebrities in WWE's Hall of Fame
aduchscher
A-Z Keypad Blitz II
pecheneg
Multiple Oscar Actors
pecheneg
Mystery Phrase Blitz: Oscar 'Best Actors'
pecheneg
F. Scott Fitzgerald Novels
LTH
Pick 3 Villains
ddd62291
Trending Topics
Kpop
NBA
Harry Potter
Anime
Crossword
Marvel
Disney
NFL
The Office
Pokémon
Country
Puzzle
Song
WWE
Soccer
Your Account Isn't Verified!
In order to create a playlist on Sporcle, you need to verify the email address you used during registration. Go to your
Sporcle Settings
to finish the process.
Report this User
Report this user for behavior that violates our
Community Guidelines
.
Details:
Send Report
Go to the Sporcle.com Mobile Site →
Comments